000 02497cam a22005774i 4500
003 PE-LiUPU
005 20250731180152.0
008 150706s2013 r 000 0 d
020 _a9786124050626
020 _a6124050625
035 _a(Sirsi) i9786124050626
040 _aPE-LiUPU
_bspa
_cPE-LiUPU
_erda
049 _aPRUA
082 0 4 _a574.5
_bP95
_221
100 1 _aPulido Capurro, Víctor,
_eautor.
245 1 0 _aEcología general y del Perú /
_cVíctor Pulido Capurro.
264 1 _aLima :
_bUniversidad Garcilazo de la Vega,
_c2013.
300 _a242 páginas ;
_c24 cm.
336 _atext
_2rdacontent
337 _aunmediated
_2rdamedia
338 _avolume
_2rdacarrier
490 0 _aTextos universitarios/Ecología
504 _aInIncluye bibliografía.
505 0 _aEcología, historia, ramas y relaciones interdisciplinarias -- Factores ambientales -- La temperatura y los seres vivos -- El agua y los seres vivos La luz, factores climáticos secundarios y el suelo -- El suelo -- Ciclos biogeoquímicos, energía y cadena de alimentos -- Comunidad biótica y relaciones interespecíficas -- Poblaciones -- La población humana -- Acerca de la evolución -- Biodiversidad y recursos genéticos -- Diversidad de especies -- El reino Animalia -- Diversidad de ecosistemas y paisajes -- Amenazas ambientales.
526 _aSEG44
526 _aSEG26
526 _aP159
526 _aP155
526 _aP154
526 _aP153
526 _aP150
526 _aP100
526 _aP31
526 _aP30
526 _aP26
526 _aP25
526 _aP24
526 _aP22
526 _aP15
526 _aP10
541 _g015-0015487;
541 _g0020-0000647;
650 0 4 _aEcología
_zPerú.
910 _agl20130725
942 _2ddc
_cBOOK
949 _a574.5 P95
_wDEWEY
_c1
_i68269
_lCCODEBUL1
_mBUL
_p14.00
_r0
_sY
_tBOOK
_u2015-7-6
_xINGENIERIA
_PP24
_o.STAFF. Colección General
994 _aC0
_bPEPRU
596 _a1
999 _a574.5 P95
_wDEWEY
_c55680
_i68269
_d55680
_e2018-5-25
_f2021-11-9
_g7
_lCCODEBUL1
_mBUL
_n6
_p14.00
_r0
_sY
_tBOOK
_u2015-7-6
_xINGENIERIA
_PP24
_0COMPRA
_o.STAFF. Colección Ingenieria y Arquitectura
999 _a574.5 P95
_wDEWEY
_c2
_i74006
_f2021-11-9
_g7
_lCCODEBUL1
_mBUL
_p10.93
_r0
_sY
_tBOOK
_u2016-7-7
_xINGENIERIA
_PP24
_0COMPRA
_o.STAFF. Colección General
980 _81
_gALBERTO SANCHEZ Responsable de Automatización